Law and practice of the International Criminal Court / (Record no. 6986)

MARC details
000 -LEADER
fixed length control field 07451cam a2200649 i 4500
001 - CONTROL NUMBER
control field ocn913820503
003 - CONTROL NUMBER IDENTIFIER
control field TZ-ArACH
005 - DATE AND TIME OF LATEST TRANSACTION
control field 20240611095132.0
008 - FIXED-LENGTH DATA ELEMENTS--GENERAL INFORMATION
fixed length control field 150224s2015 enk b 001 0 eng
010 ## - LIBRARY OF CONGRESS CONTROL NUMBER
LC control number 2015934530
015 ## - NATIONAL BIBLIOGRAPHY NUMBER
National bibliography number GBB4B5832
Source bnb
016 7# - NATIONAL BIBLIOGRAPHIC AGENCY CONTROL NUMBER
Record control number 016897623
Source Uk
020 ## - INTERNATIONAL STANDARD BOOK NUMBER
International Standard Book Number 9780198705161
Qualifying information (hardback)
020 ## - INTERNATIONAL STANDARD BOOK NUMBER
International Standard Book Number 0198705166
Qualifying information (hardback)
020 ## - INTERNATIONAL STANDARD BOOK NUMBER
Cancelled/invalid ISBN 9780191015281
Qualifying information (ebook)
020 ## - INTERNATIONAL STANDARD BOOK NUMBER
Cancelled/invalid ISBN 0191015288
Qualifying information (ebook)
035 ## - SYSTEM CONTROL NUMBER
System control number (OCoLC)913820503
040 ## - CATALOGING SOURCE
Original cataloging agency DLC
Language of cataloging eng
Description conventions rda
Transcribing agency TZ-ArACH
042 ## - AUTHENTICATION CODE
Authentication code pcc
049 ## - LOCAL HOLDINGS (OCLC)
Holding library TZAA
050 00 - LIBRARY OF CONGRESS CALL NUMBER
Classification number KZ7312
Item number .L39 2015
245 04 - TITLE STATEMENT
Title Law and practice of the International Criminal Court /
Statement of responsibility, etc edited by Carsten Stahn.
250 ## - EDITION STATEMENT
Edition statement First edition.
260 ## - PUBLICATION, DISTRIBUTION, ETC. (IMPRINT)
Place of publication, distribution, etc Oxford UK;
Name of publisher, distributor, etc Oxford University Press;
Date of publication, distribution, etc 2015.
300 ## - PHYSICAL DESCRIPTION
Extent 1326 pages ;
Dimensions 25 cm
500 ## - GENERAL NOTE
General note "Table of cases": pages xxv-lii.
500 ## - GENERAL NOTE
General note "Table of legislation": pages liii-lxiii.
504 ## - BIBLIOGRAPHY, ETC. NOTE
Bibliography, etc Includes bibliographical references and indexes.
505 0# - FORMATTED CONTENTS NOTE
Formatted contents note Introduction: more than a court, less than a court, several courts in one? / Carsten Stahn -- The International Criminal Court (ICC) and double standards of international justice / Richard Dicker -- The ICC and the politics of peace and justice / Leslie Vinjamuri -- The relationship between the ICC and the United Nations Security Council / Deborah Ruiz Verduzco -- The ICC and the AU / Anton Du Plessis & Ottilia Anna Maunganidze -- How much money does the ICC need? / Stuart Ford -- The ICC and the ASP / Jonathan O'Donohue -- Jurisdiction / Rod Rastan -- Ad hoc declarations of acceptance of jurisdiction: the Palestinian situation under scrutiny / Mohamed M El Zeidy -- Self-referrals as an indication of the inability of states to cope with non-state actors / Harmen van der Wilt -- Admissibility challenges before the ICC: from quasi-primacy to qualified deference? / Carsten Stahn -- The ICC and its relationship to non-states parties / Robert Cryer -- The frog that wanted to be an ox: the ICCs approach to immunities / Dov Jacobs -- Putting complementarity in its place / Paul Seils -- Investigative management, strategies, and techniques of the ICCs OTP / Susana S�aCouto and Katherine Cleary Thompson -- The selection of situations and cases by the OTP of the ICC / Fabricio Guariglia and Emeric Rogier -- Selecting situations and cases / William Schabas -- Accountability of international prosecutors / Jenia Iontcheva Turner -- Article 21 and the hierarchy of sources of law before the ICC / Gilbert Bitti -- The Rome Statute and the attempted corseting of the interpretative judicial function: reflections on sources of law and interpretative technique / Joseph Powderly -- Perpetration and participation in Article 25(3) / Elies van Sliedregt -- Co-perpetration: German dogmatik or German invasion? / Jens David Ohlin -- Indirect perpetration / Thomas Weigend -- Forms of accessorial liability under Article 25(3)(b) and (c) / Hector Olasolo -- The ICC and common purpose: what contribution is required under Article 25(3)(d)? / Kai Ambos -- Command responsibility under Article 28 of the Rome Statute / Alejandro Kiss -- Rethinking the mental elements in the jurisprudence of the ICC / Mohamed Elewa Badar and Sara Porro -- The ICCs first encounter with the crime of genocide: the case against Al Bashir / Claus Kress -- Crimes against humanity: a better policy on policy / Darryl Robinson -- Charging war crimes: policy and prognosis from a military perspective / Michael A. Newton -- The characterization of armed conflict in the jurisprudence of the ICC / Anthony Cullen -- The crime of aggression / Roger S. Clark -- La Lutte continue: investigating and prosecuting sexual violence at the ICC / Niamh Hayes -- Cumulative charges and cumulative convictions / Carl-Friedrich Stuckenberg -- The international criminal standard of proof at the ICC -- Beyond Reasonable Doubt or Beyond Reason? / Simon De Smet -- Confirmation of charges / Ignaz Stegmiller -- Trial procedures : with a particular focus on the relationship between the proceedings of the pre-trial and trial chambers / H�akan Friman -- Proportionate sentencing at the ICC / Margaret M. deGuzman -- The role of the appeals chamber / Volker Nerlich -- A stick to hit the accused with: the legal recharacterization of facts under Regulation 55 / Kevin Jon Heller -- Disclosure challenges at the ICC / Alex Whiting -- Sitting on evidence: systematic failings in the ICC disclosure regime -- Time for reform / Karim A A Khan QC and Caroline Buisman -- The roads to freedom -- interim release in the practice of the ICC / Aiste Dumbryte -- Testifying behind bars -- detained ICC witnesses and human rights protection / Joris van Wijk and Marjolein Cupido -- External support and internal coordination -- the ICC and the protection of witnesses / Markus Eikel -- Victim participation revisited : -- what the ICC is learning about itself / Sergey Vasiliev -- The Rome Statutes regime of victim redress: challenges and prospects / Conor McCarthy -- The deterrent effect of the ICC on the Commission of International Crimes by government leaders / Nick Grono and Anna de Courcy Wheeler -- The ICC and capacity building at the national level / Olympia Bekou -- Completion, legacy, and complementarity at the ICC / Elizabeth Evenson and Alison Smith -- A look towards the future : the ICC and lessons learnt / Philipp Ambach.
520 8# - SUMMARY, ETC.
Summary, etc The International Criminal Court has significantly grown in importance and impact over the decade of its existence. This book assesses its impact, providing a comprehensive overview of its practice. It shows how the court has contributed to major developments in international criminal law, and identifies the ways in which it is in need of reform.
610 20 - SUBJECT ADDED ENTRY--CORPORATE NAME
Corporate name or jurisdiction name as entry element International Criminal Court.
610 27 - SUBJECT ADDED ENTRY--CORPORATE NAME
Corporate name or jurisdiction name as entry element International Criminal Court.
Source of heading or term fast
610 27 - SUBJECT ADDED ENTRY--CORPORATE NAME
Corporate name or jurisdiction name as entry element Internationaler Strafgerichtshof
Source of heading or term gnd
610 27 - SUBJECT ADDED ENTRY--CORPORATE NAME
Corporate name or jurisdiction name as entry element International Criminal Court.
Source of heading or term nli
610 27 - SUBJECT ADDED ENTRY--CORPORATE NAME
Corporate name or jurisdiction name as entry element International Criminal Court
Form subdivision Rules and practice.
Source of heading or term nli
650 #0 - SUBJECT ADDED ENTRY--TOPICAL TERM
Topical term or geographic name as entry element International criminal law.
650 #0 - SUBJECT ADDED ENTRY--TOPICAL TERM
Topical term or geographic name as entry element Criminal procedure (International law)
650 #6 - SUBJECT ADDED ENTRY--TOPICAL TERM
Topical term or geographic name as entry element Droit international penal.
650 #6 - SUBJECT ADDED ENTRY--TOPICAL TERM
Topical term or geographic name as entry element Procedure penale (Droit international)
650 #7 - SUBJECT ADDED ENTRY--TOPICAL TERM
Topical term or geographic name as entry element International criminal law.
Source of heading or term bcl
650 #7 - SUBJECT ADDED ENTRY--TOPICAL TERM
Topical term or geographic name as entry element Law.
Source of heading or term eflch
650 #7 - SUBJECT ADDED ENTRY--TOPICAL TERM
Topical term or geographic name as entry element Criminal procedure (International law)
Source of heading or term fast
650 #7 - SUBJECT ADDED ENTRY--TOPICAL TERM
Topical term or geographic name as entry element International criminal law.
Source of heading or term fast
650 #7 - SUBJECT ADDED ENTRY--TOPICAL TERM
Topical term or geographic name as entry element International criminal courts.
Source of heading or term nli
650 #7 - SUBJECT ADDED ENTRY--TOPICAL TERM
Topical term or geographic name as entry element International criminal courts
General subdivision Rules and practice.
Source of heading or term nli
650 #7 - SUBJECT ADDED ENTRY--TOPICAL TERM
Topical term or geographic name as entry element International criminal law.
Source of heading or term nli
650 #7 - SUBJECT ADDED ENTRY--TOPICAL TERM
Topical term or geographic name as entry element Criminal procedure (International law)
Source of heading or term nli
650 #7 - SUBJECT ADDED ENTRY--TOPICAL TERM
Topical term or geographic name as entry element International crimes.
Source of heading or term nli
650 #7 - SUBJECT ADDED ENTRY--TOPICAL TERM
Topical term or geographic name as entry element International Criminal Court.
Source of heading or term pplt
650 #7 - SUBJECT ADDED ENTRY--TOPICAL TERM
Topical term or geographic name as entry element Rome Statute (Rome, 17 July 1998).
Source of heading or term pplt
650 #7 - SUBJECT ADDED ENTRY--TOPICAL TERM
Topical term or geographic name as entry element International criminal law.
Source of heading or term pplt
650 #7 - SUBJECT ADDED ENTRY--TOPICAL TERM
Topical term or geographic name as entry element International criminal procedure.
Source of heading or term pplt
650 #7 - SUBJECT ADDED ENTRY--TOPICAL TERM
Topical term or geographic name as entry element Law.
Source of heading or term ukslc
700 1# - ADDED ENTRY--PERSONAL NAME
Personal name Stahn, Carsten,
Dates associated with a name 1971-
Relator term editor.
856 41 - ELECTRONIC LOCATION AND ACCESS
Uniform Resource Identifier <a href="https://shibboleth2sp.gar.semcs.net/Shibboleth.sso/Login?entityID=https://passport01.leeds.ac.uk/idp/shibboleth&target=https://shibboleth2sp.gar.semcs.net/shib?dest=http%253A%252F%252Fwww.vlebooks.com%252FSHIBBOLETH%253Fdest%253Dhttp%25253A%25252F%25252Fwww.vlebooks.com%25252Fvleweb%25252Fproduct%25252Fopenreader%25253Fid%25253DLeedsUni%252526isbn%25253D9780191015281">https://shibboleth2sp.gar.semcs.net/Shibboleth.sso/Login?entityID=https://passport01.leeds.ac.uk/idp/shibboleth&target=https://shibboleth2sp.gar.semcs.net/shib?dest=http%253A%252F%252Fwww.vlebooks.com%252FSHIBBOLETH%253Fdest%253Dhttp%25253A%25252F%25252Fwww.vlebooks.com%25252Fvleweb%25252Fproduct%25252Fopenreader%25253Fid%25253DLeedsUni%252526isbn%25253D9780191015281</a>
Public note View this book online, via VLeBooks, both on- and off-campus
942 ## - ADDED ENTRY ELEMENTS (KOHA)
Source of classification or shelving scheme Library of Congress Classification
Koha item type Books
Holdings
Home library Current library Date acquired Full call number Barcode Koha item type
African Court on Human and Peoples' Rights Library African Court on Human and Peoples' Rights Library 28/09/2023 KZ7312 .L39 2015 10190031 Books
African Court on Human and Peoples' Rights Library African Court on Human and Peoples' Rights Library 11/06/2024 KZ7312 .L39 2015 10186018 Books

African Court on Human and Peoples' Rights | For Inquiries Contact » +255 272 510 510